Regulación del trabajo y relaciones sociales de género en América Latina /
Guardado en:
| Hovedforfatter: | |
|---|---|
| Format: | Texto |
| Fag: | |
| Tags: |
Tilføj Tag
Ingen Tags, Vær først til at tagge denne postø!
|
MARC
| LEADER | 00000 a a2200000 04500 | ||
|---|---|---|---|
| 001 | 43860 | ||
| 003 | |||
| 040 | |a CRAI/IIS |c CRAI/IIS | ||
| 100 | |a Pautassi, Laura C | ||
| 245 | |a Regulación del trabajo y relaciones sociales de género en América Latina / |c Laura C Pautassi | ||
| 650 | |a LEGISLACION DEL TRABAJO | ||
| 650 | |a MUJERES | ||
| 650 | |a IGUALDAD DE GENERO | ||
| 650 | |a AMERICA LATINA | ||
| 773 | |g número1 (2004 ), 33 Páginas | ||
| 999 | |c 20195 |d 20195 | ||
